Minister- & Staatsratsvorsitzende der DDR - Statistiken

Allgemein
  • Dieses Quiz wurde 239 mal gespielt
  • Das Durchschnittsergebnis liegt bei 6 aus 12
Antwortstatistiken
Amtszeit Name Anmerkung % Korrekt
1976-1989 Erich Honecker
97%
1960-1973 Walter Ulbricht
93%
1989 Egon Krenz
75%
1949-1960 Wilhelm Pieck Präsident der DDR
63%
1973-1976 Willi Stoph
49%
1964-1973 Willi Stoph
49%
1990 Lothar de Maizière Ministerpräsident/ CDU
45%
1989-1990 Hans Modrow
41%
1949-1964 Otto Grotewohl Ministerpräsident
40%
1990 Sabine Bergmann-Pohl Präsidentin der Volkskammer/ CDU
31%
1973-1976 Horst Sindermann
18%
1989-1990 Manfred Gerlach LDPD (Blockpartei)
15%
Keine übereinstimmenden Quizze gefunden
Verteilung der Resultate
Anzahl Personen mit jedem Resultat
Perzentil nach korrekt beantworteten Fragen
Ihre Resultats-Entwicklung
Sie haben dieses Quiz noch nicht gespielt